00635 2200181 4500245005000000020002200050250001100072100002500083700001200108650001700120005001900137260003100156041001400187084001100201300002500212500020700237336000900444 aSetelah Dia PergicDedy Chandra HaludinhText a978-979-017-427-6 aCet. 1 aDedy Chandra Haludin aKinanti aNovel Remaja a20230927064511 aJakartabQultumMediac2019 aIndonesia a808.83 ax, 246 hlm. :cilus. aTak ada yang bisa kuceritakan dari pertemuan terakhir kita,selain kata-kata selamat tinggal darimu dan harapan yang tak mungkin kupaksakan padamu.Bagaimanapun kau dan aku mengambil jalan yang tak searah atext